| 000 | 00797nam a2200313 a 4500 | ||
|---|---|---|---|
| 003 | AR-BaBNM | ||
| 005 | 20251128202805.0 | ||
| 008 | 082120s2002 ||||||||||||||000 | spa|| | ||
| 040 | _cAR-BaBNM | ||
| 100 | 1 | _aLuna, Félix | |
| 245 | 0 | 0 | _aLos caudillos |
| 250 | _a3ª ed. | ||
| 260 |
_aBuenos Aires _bAlvarez _c1969 |
||
| 300 | _a285 p. | ||
| 490 | 0 |
_aLos argentinos _vv. 1 |
|
| 650 | 4 | _aANARQUIA DE 1820 | |
| 650 | 4 | _aMONTONERAS | |
| 650 | 4 | _aCAUDILLOS ARGENTINOS | |
| 650 | 4 | _aHISTORIA POLITICA | |
| 650 | 4 | _aPERIODO INDEPENDIENTE | |
| 650 | 4 | _aGUERRAS DE LA INDEPENDENCIA | |
| 650 | 4 | _aGOBIERNOS 1820-29 | |
| 800 | 1 | _aAlvarez, Jorge | |
| 800 | 1 | _aCiria, Alberto | |
| 800 | 1 | _aSaiegh, Rafael | |
| 800 | 1 |
_aSchavelzon, Guillermo _edirector |
|
| 942 | _cBK | ||
| 998 | _cmariana | ||
| 999 |
_c587 _d587 |
||